Can you name Taylor Swift's 13 longest songs? - Statistics

General Stats
  • This quiz has been taken 118 times
  • The average score is 6 of 13
Answer Stats
Length Song % Correct
7 5:29 All Too Well
100%
1 10:13 All Too Well (10 Minute Version)
82%
2 6:45 Dear John
74%
3 6:09 Last Kiss
60%
4 5:53 Enchanted
49%
9 5:17 Long Live
42%
5 5:40 But Daddy I Love Him
41%
6 5:34 Who's Afraid of Little Old Me?
34%
10 5:15 happiness
26%
8 5:21 Timeless
26%
12 5:11 Foolish One
19%
13 5:06 Castles Crumbling
17%
11 5:12 Untouchable
17%
No matching quizzes found
Score Distribution
Percent of People with Each Score
Percentile by Number Answered
Your Score History
You have not taken this quiz